| 000 | 00615nam a2200181Ia 4500 | ||
|---|---|---|---|
| 008 | 090124s9999 xx 000 0 und d | ||
| 082 | _b111127 | ||
| 100 | _aकोल्हटकर श्रीपद कृष्ण | ||
| 245 | _a साहित्य विमर्श | ||
| 250 | _a1 | ||
| 260 | _c1965 | ||
| 300 | _a163 | ||
| 600 | _aकोल्हटकर श्रीपद कृष्ण | ||
| 630 | _a साहित्य विमर्श | ||
| 700 | _aकोल्हटकर श्रीपद कृष्ण | ||
| 730 | _a साहित्य विमर्श | ||
| 942 | _cBOOK | ||
| 999 |
_c157218 _d157218 |
||